000 01110nam a22002657a 4500
005 20101207122122.0
008 101207t xxu||||| |||| 00| 0 eng d
010 _aENG-101778
020 _a9780198066910
_c745.00
020 _a0198066910
_c745.00
035 _aEN-85311
037 _bDBAD/PUB
040 _adpl
_bEng
082 _a230.086940954
245 _aDalit theology in the twenty -first century :
_bdiscordant voices, discerning pathways /
_cedited by Sathianathan Clarke, Deenabandhu Manchala [and] Philip Vinod Peacock
260 _aNew Delhi
_bOxford University Press
_c2010
270 _aYMCA Library Building, Jai Singh Road
_bNew Delhi
_e110001
300 _aviii,302p.
_c23cm (Hb)
500 _aIncludes bibliographical references and index
700 _aClarke,Sathianathan
_924643
700 _aManchala,Deenabandhu
_924644
700 _aPeacock,Philip Vinod
_924645
942 _2ddc
_cEN
_h230.086940954
_mDAL
999 _c49004
_d49004